States with the Most Universities in the Top 250 (US) - Statistics

General Stats
  • This quiz has been taken 61 times
  • The average score is 11 of 12
Answer Stats
# Answer % Correct
9 California
100%
5 New York
100%
3 Texas
100%
3 Illinois
96%
2 Michigan
94%
2 Georgia
92%
4 Massachusetts
92%
2 Ohio
92%
4 Pennsylvania
92%
2 Indiana
88%
2 Maryland
88%
2 North Carolina
88%
No matching quizzes found
Score Distribution
Percent of People with Each Score
Percentile by Number Answered
Your Score History
You have not taken this quiz